00580 2200181 4500001002100000005001500021035002000036007000300056008004100059082001200100084001800112100003300130245011400163260003400277300004100311650003000352990001600382INLIS00000000000105220241008105357 a0010-1024000022ta241008 g 0 ind  a630.206 a630.206 RET p0 aRetno Sri Hartati Mulyandari1 aPedoman Umum Pembangunan dan Pengembangan Taman Sains dan Teknologi Pertanian /cRetno Sri Hartati Mulyandari aJakarta :bIAARD Press,c2015 a100 hlm, :bilus, ;c21 cm X 29,5 cm 4aTaman Sains dan Teknologi a00000001131